000 00290nam a22001217a 4500
008 260423b |||||||| |||| 00| 0 eng d
082 _a001270
100 _aPenna, Madhusudhan
245 _aYoga Sara
260 _aDelhi
_bNew Bharatiya Book Corporation
_c2020
300 _a56p
942 _2ddc
999 _c1276
_d1276